presence of bactria in beef on the market in pea reang district, prey veng province វត្តមាននៃវាក់តេរីលើសាច់គោលើទីផ្សារស្រុកពារាំង ខេត្ត ព្រៃវែង​ (Record no. 18305)

000 -LEADER
fixed length control field 00633nam a22001337a 4500
040 ## - CATALOGING SOURCE
Transcribing agency RUA
082 ## - DEWEY DECIMAL CLASSIFICATION NUMBER
Classification number AVM CHH 2018 B649 Or.1
100 ## - MAIN ENTRY--AUTHOR NAME
Personal name CHHEN YAT ឆេង យ៉ាត
245 ## - TITLE STATEMENT
Title presence of bactria in beef on the market in pea reang district, prey veng province វត្តមាននៃវាក់តេរីលើសាច់គោលើទីផ្សារស្រុកពារាំង ខេត្ត ព្រៃវែង​
260 ## - PUBLICATION, DISTRIBUTION, ETC. (IMPRINT)
Place of publication RUA
Name of publisher PHNOM PENH
Year of publication 2018
300 ## - PHYSICAL DESCRIPTION
Number of Pages vii;35p
Other physical details ill;
Dimensions 29cm
856 ## - ELECTRONIC LOCATION AND ACCESS
Uniform Resource Identifier https://drive.google.com/file/d/1RmjCJ0J3PwEE5wArQiwJpUjv-GaE5u9g/view?usp=sharing
942 ## - ADDED ENTRY ELEMENTS (KOHA)
Koha item type AVM
952 ## - LOCATION AND ITEM INFORMATION (KOHA)
Withdrawn status [LOCAL, KOHA] 0
952 ## - LOCATION AND ITEM INFORMATION (KOHA)
Withdrawn status [LOCAL, KOHA] 0
952 ## - LOCATION AND ITEM INFORMATION (KOHA)
Withdrawn status [LOCAL, KOHA] 0
952 ## - LOCATION AND ITEM INFORMATION (KOHA)
Withdrawn status [LOCAL, KOHA] 0
952 ## - LOCATION AND ITEM INFORMATION (KOHA)
Withdrawn status [LOCAL, KOHA] 0
952 ## - LOCATION AND ITEM INFORMATION (KOHA)
Withdrawn status [LOCAL, KOHA] 0
Holdings
Permanent Location Date acquired Koha item type Lost status Shelving location Barcode Current Location Full call number
Library Block B2019-10-16AVM B549A43067Library Block BAVM CHH 2018 B649 Or.1
Library Block B2019-10-16AVM B549A43541Library Block BAVM CHH 2018 B649 Or.2
Library Block B2019-10-16AVM B549A42842Library Block BAVM CHH 2018 B649 Or.3
Library Block B2019-10-16AVM B549A42917Library Block BAVM CHH 2018 B649 Or.4
Library Block B2019-10-16AVM B549A43756Library Block BAVM CHH 2018 B649 Or.5
Library Block B2019-10-16AVM B549A43326Library Block BAVM CHH 2018 B649 Or.6
មជ្ឈមណ្ឌលឯការនៃសាកលវិទ្យាល័យភូមិន្ទកសិកម្មចំការដូង

Powered by Koha